000 00619nam a2200205Ia 4500
005 20241216011248.0
008 190429s9999||||xx |||||||||||||| ||und||
082 _a622.2
_bS21
100 _aSANCHEZ ESPINOZA EDWIN ELIAS
245 0 _aAPLICABILIDAD DEL RELLENO HIDRAULICO EN LA COMPAÑIA MINERA MILPO S.A.
250 _a0
260 _aCERRO DE PASCO-PERU
_bUNDAC
_c1986
300 _a148 pag.
_c30 cm.
341 _h0
490 _v0
_a0
505 _aRELLENO HIDRAULICO/EXPLOTACION DE LA MINA/RAZON DE POROS/THI
541 _aD
_bSANCHEZ ESPINOZA, EDWIN E
_d05-Mar-03
_oSoles
650 _aMinas
942 _cTESIS
999 _c37055
_d37055